1170 1632 1923 1986 1792 1044 1564 1853 1103 1439 1404 1086 1560 1704 1811 1302 1243 1180 1423 1554 1079 1111 1592 1957 1352 1509 1949 1792 1453 1749 1761 1245 1984 1170 1591 1622 1322 1314 1698 1609 1667 1807 1715 1123 1094 1432 1923 1859 1102 1313 1753 1363 1670 1990 1949 1418 1717 1230 1823 1599 1226 1772 1708 1055 1659 1504 1305 1486 1546 1342 1073 1108 1986 1222 1693 1725 1852 1068 1127 1370 1493 1197 1742 1773 1159 1782 1876 1023 1229 1670 1066 1842 1892 1477 1034 1805 1722 1325 1687 BCNSPRNW ULIB Ver.6.0+V

เปลี่ยนเป็นภาษาไทย

Change to English
 แสดงรายละเอียดบรรณานุกรม
  กลับหน้าหลัก

Brief Record : Get Marc (ISO 2709) : E-mail record : QR code < ปิดหน้าต่าง
LEADER : 00000nam 2200000uu 4500
001    13399127291
003     ULIB
008    200402s2562||||th 000 0 tha d
020    ^a9786163940353
060 04 ^aWY157^bม517ก
100 0  ^aมาลีวัล เลิศสาครศิริ
245 10 ^aการพยาบาลสตรีในระยะตั้งครรภ์และระยะคลอด /^cมาลีวัล เลิศสาครศิริ
250    ^aพิมพ์ครั้งที่ 2
260    ^aกรุงเทพฯ :^bวิทยาลัยเซนต์หลุยส์,^c2562
300    ^a261 หน้า ;^c26 ซม.
500    ^aสูติศาสตร์
505 0  ^a1.การปฏิสนธิ การเจริญเติบโต และพัฒนาการของทารกในครรภ์--2.การตั้งครรภ์--3.การพยาบาลในระยะตั้งครรภ์--4.การคลอด--5.การพยาบาลในระยะคลอด--6.บทบาทของพยาบาลในการระงับความเจ็บปวดจากการคลอด
650  4 ^aการพยาบาลสูติศาสตร์
650  4 ^aครรภ์^xการพยาบาล
650  4 ^aภาวะแทรกซ้อนขณะมีครรภ์^xการพยาบาล
650  4 ^aสตรีมีครรภ์^xการพยาบาล
710 2  ^aวิทยาลัยเซนต์หลุยส์
945    ^p250^l0^i28079
945    ^p250^l0^i28080
945    ^p250^l0^i28081
945    ^p250^l0^i28082
945    ^p250^l0^i28083
999    ^aกัณชพร จุลอักษร
รายการนี้ยังไม่มีแท็ก
คุณยังไม่ได้ล็อกอิน คุณสามารถมีกิจกรรมร่วมกับเว็บไซต์ได้ แต่ต้องล็อกอินก่อน ::
  ล็อกอิน

รายการสื่อสารสนเทศ

ลำดับที่ ประเภท เลขเรียก/บาร์โค้ด สถานที่ สถานะ
1. หนังสือสำรอง
หนังสือสำรอง
WY157 ม517ก ฉ.1 
  Barcode: 28079
ห้องสมุดวิทยาเขตนครสวรรค์
►หนังสือทั่วไป:l:General Books
บนชั้น
2. วิทยาศาสตร์การแพทย์ และสุขภาพ
วิทยาศาสตร์การแพทย์ และสุขภาพ
WY157 ม517ก ฉ.2 
  Barcode: 28080
ห้องสมุดวิทยาเขตนครสวรรค์
►หนังสือทั่วไป:l:General Books
บนชั้น
3. วิทยาศาสตร์การแพทย์ และสุขภาพ
วิทยาศาสตร์การแพทย์ และสุขภาพ
WY157 ม517ก ฉ.3 
  Barcode: 28081
ห้องสมุดวิทยาเขตนครสวรรค์
►หนังสือทั่วไป:l:General Books
บนชั้น
4. วิทยาศาสตร์การแพทย์ และสุขภาพ
วิทยาศาสตร์การแพทย์ และสุขภาพ
WY157 ม517ก ฉ.4 
  Barcode: 28082
ห้องสมุดวิทยาเขตนครสวรรค์
►หนังสือทั่วไป:l:General Books
บนชั้น
5. วิทยาศาสตร์การแพทย์ และสุขภาพ
วิทยาศาสตร์การแพทย์ และสุขภาพ
WY157 ม517ก ฉ.5 
  Barcode: 28083
ห้องสมุดวิทยาเขตนครสวรรค์
►หนังสือทั่วไป:l:General Books
ถูกยืม กำหนดส่งวันที่ 15 พฤษภาคม 2569
  จอง

รายการใกล้เคียง
    ผู้แต่ง [มาลีวัล เลิศสาครศิริ]

    หัวเรื่อง [การพยาบาลสูติศาสตร์]
    หัวเรื่อง [ครรภ์ การพยาบาล]
    หัวเรื่อง [สตรีมีครรภ์ การพยาบาล]

BibComment


ยังไม่เคยถูกคอมเมนท์

คอมเมนท์ทรัพยากรรายการนี้
  คอมเมนท์: การพยาบาลสตรีในร..


 Copyright 2026. Bcnsprnw @Library